000 00647nam a2200289Ia 4500
005 20260324150302.0
008 008 260324s9999 xx 000 0 eng d
020 _a9781003528265
037 _aEBOOK
040 _aCRL
040 _beng
040 _cCRL
041 _2eng
041 _aeng
084 _qCRL
100 _aR. B. McDowell
_91225033
245 4 _aThe Irish Convention
245 0 _b1917-18
260 _bTaylor and Francis
260 _c1970
365 _a
365 _b140
856 _uhttp://www.taylorfrancis.com/books/9781003528265
942 _cEBOOK
999 _c1835078
_d1835078